Statistiques concernant Film de Luc Besson

Cliquez ici pour prendre le quiz!

Statistiques générales

  • Ce quiz a été pris 152 fois
    (102 depuis la dernière actualisation)
  • Le résultat moyen est 7 sur 15

Statistiques - réponses

HintRéponse% Correct
1994léon
83%
2006Arthur et les minimoys
72%
1997Le cinquième élément
70%
1988Le grand bleu
70%
2014Lucy
70%
1990nikita
63%
2017Valérian
55%
1998Taxi
51%
1999Jeanne d'arc
35%
2019Anna
27%
2002Le transporteur
20%
2001Yamakasi
16%
2008Taken
15%
2004Banlieue 13
14%
2009Home
3%

Distribution des résultats

Percentile par nombre de réponses

% des personnes avec chaque résultat

Votre développement - résultats

Vous n’avez pas pris ce quiz depuis la dernière actualisation